Zelda Spirit Track - Personnages - Statistiques

Statistiques générales
  • Ce quiz a été pris 10 fois
  • Le résultat moyen est 13 sur 35
Statistiques - réponses
Par images Réponse % Correct
Link
100%
Princesse Zelda
100%
Terry
89%
Kimado
67%
Nico
67%
Linebeck III
56%
Mallard, le roi démon
56%
Bicelle
44%
Postier
44%
Pysto
44%
Spap
44%
Tomar
44%
Bouyer
33%
Dohmu
33%
Doyen Goron
33%
Gardeclef
33%
Gasto
33%
Lapinou
33%
Professeur James
33%
Tendor
33%
Tigoron
33%
Traucmahr
33%
Capitaine de la garde
22%
Poissonnière
22%
Ryan
22%
Boijono
11%
Boistacho
11%
Dirlo
11%
Femme du Lapinou
11%
Matriarche
11%
Normalo
11%
Sanboiso
11%
Stacho
11%
Vendeur d'Acier
11%
Vendeur de bois
11%
Aucun quiz correspondant
Distribution des résultats
% des personnes avec chaque résultat
Percentile par nombre de réponses
Votre historique - résultats
Vous n’avez pas pris ce quiz